000 00283nam a2200097 4500
008 240223b |||||||| |||| 00| 0 eng d
245 _aEthnic studies report-Vol. iii no. 2 (July 1985)
260 _bInternational centre for ethnic studies
_c1985
650 _aETHNIC STUDIES
942 _cCR
999 _c4801
_d4801